Statistics for Alma Mater of First Overall Picks in the NFL Draft

Click here to take the quiz!

General Stats

  • This quiz has been taken 1,649 times
    (900 since last reset)
  • The average score is 26 of 82

Answer Stats

PlayerYearCollege% Correct
Jameis Winston2015Florida State
96%
Cam Newton2011Auburn
95%
Andrew Luck2012Stanford
94%
Jared Goff2016California
91%
Sam Bradford2010Oklahoma
88%
Jadeveon Clowney2014South Carolina
88%
Eli Manning2004Ole Miss
87%
Myles Garrett2017Texas A&M
87%
Matthew Stafford2009Georgia
85%
Peyton Manning1998Tennessee
85%
JaMarcus Russell2007LSU
83%
Michael Vick2001Virginia Tech
83%
Carson Palmer2003USC
80%
Alex Smith2005Utah
77%
David Carr2002Fresno State
70%
Bo Jackson1986Auburn
68%
John Elway1983Stanford
62%
OJ Simpson1969USC
59%
Jake Long2008Michigan
58%
Troy Aikman1989UCLA
54%
Keyshawn Johnson1996USC
50%
Eric Fisher2013Central Michigan
50%
Orlando Pace1997Ohio State
48%
Vinny Testaverde1987Miami (FL)
47%
Tim Couch1999Kentucky
46%
Ki-Jana Carter1995Penn State
46%
Mario Williams2006NC State
44%
Earl Campbell1978Texas
42%
Courtney Brown2000Penn State
40%
Drew Bledsoe1993Washington State
38%
Terry Bradshaw1970Louisiana Tech
34%
Billy Sims1980Oklahoma
30%
Bruce Smith1985Virginia Tech
29%
Jim Plunkett1971Stanford
28%
Jeff George1990Illinois
28%
Paul Hornung1957Notre Dame
26%
Russell Maryland1991Miami (FL)
26%
Ernie Davis1962Syracuse
24%
Steve Emtman1992Washington
24%
Dan Wilkinson1994Ohio State
22%
George Rogers1981South Carolina
20%
Irving Fryar1984Nebraska
19%
Lee Roy Selmon1976Oklahoma
16%
Ricky Bell1977USC
16%
Aundray Bruce1988Auburn
16%
Tom Cousineau1979Ohio State
14%
Ron Yary1968USC
13%
Bubba Smith1967Michigan State
13%
Kenneth Sims1982Texas
12%
Billy Cannon1960LSU
12%
Tom Harmon1941Michigan
11%
Jay Berwanger1936Chicago
9%
Steve Bartkowski1975Cal
9%
Angelo Bertelli1944Notre Dame
8%
Ed Jones1974Tennessee State
8%
Walt Patulski1972Notre Dame
7%
Tommy Nobis1966Texas
7%
Terry Baker1963Oregon State
6%
John Matuszak1973Tampa
6%
Leon Hart1950Notre Dame
6%
Chuck Bednarik1949Penn
6%
Tucker Frederickson1965Auburn
4%
Frank Sinkwich1943Georgia
4%
Charley Trippi1945Georgia
4%
Kyle Rote1951SMU
3%
Gary Glick1956Colorado A&M
2%
George Cafego1940Tennessee
2%
Dave Parks1964Texas Tech
2%
Randy Duncan1959Iowa
2%
Frank Dancewicz1946Notre Dame
2%
Bob Fenimore1947Oklahoma A&M
2%
Harry Gilmer1948Alabama
2%
Tommy Mason1961Tulane
2%
Harry Babcock1953Georgia
2%
Bobby Garrett1954Stanford
2%
King Hill1958Rice
1%
Bill Wade1952Vanderbilt
1%
Bill Dudley1942Virginia
1%
Ki Aldrich1939TCU
1%
Corbett Davis1938Indiana
1%
Sam Francis1937Nebraska
1%
George Shaw1955Oregon
1%

Score Distribution

Percentile by Number Answered

Percent of People with Each Score

Your Score History

You have not taken this quiz since the last reset